Communications from the Physical laboratory of the University of Leiden / (Record no. 539336)
[ view plain ]
| 000 -LEADER | |
|---|---|
| fixed length control field | 01037nas a22002297a 4500 |
| 003 - CONTROL NUMBER IDENTIFIER | |
| control field | AM-YEHGA |
| 005 - DATE AND TIME OF LATEST TRANSACTION | |
| control field | 20260123115048.0 |
| 008 - FIXED-LENGTH DATA ELEMENTS--GENERAL INFORMATION | |
| fixed length control field | 251120c1906 ne ||||| |||| 00| 0 eng d |
| 040 ## - CATALOGING SOURCE | |
| Original cataloging agency | AM-YEHGA |
| 041 0# - LANGUAGE CODE | |
| Language code of text/sound track or separate title | eng |
| 001 - CONTROL NUMBER | |
| control field | 2041080 |
| 100 1# - MAIN ENTRY--PERSONAL NAME | |
| Personal name | Kamerlingh Onnes, Heike, |
| Dates associated with a name | 1853-1926 |
| 245 10 - TITLE STATEMENT | |
| Title | Communications from the Physical laboratory of the University of Leiden / |
| Statement of responsibility, etc. | By H. Kamerlingh Onnes. |
| 260 ## - PUBLICATION, DISTRIBUTION, ETC. | |
| Place of publication, distribution, etc. | Leiden : |
| Name of publisher, distributor, etc. | E. Ijdo, |
| Date of publication, distribution, etc. | 1906- |
| 300 ## - PHYSICAL DESCRIPTION | |
| Extent | № |
| 440 #0 - SERIES STATEMENT/ADDED ENTRY--TITLE | |
| Title | Communications from the Physical laboratory of the University of Leiden ; |
| Volume/sequential designation | № 97-108, 157-168 |
| 500 ## - GENERAL NOTE | |
| General note | In № 97-108: № 97a, 98, 99a, 99b, 99c, 100a, 100b, 101a, 101b, 102a, 102b, 102c, 102d, 103, 104a, 104b, 105, 106, 107a, 107b, 107c, 107d, 108, Supplement № 15 to № 97-108, Supplement № 16 to № 97-108, Supplement № 17 to № 97-108, Supplement № 18 to № 97-108, Supplement № 19 to № 97-108. |
| 650 14 - SUBJECT ADDED ENTRY--TOPICAL TERM | |
| Topical term or geographic name entry element | Physics |
| General subdivision | Societies |
| 650 14 - SUBJECT ADDED ENTRY--TOPICAL TERM | |
| Topical term or geographic name entry element | Low temperature research |
| 710 2# - ADDED ENTRY--CORPORATE NAME | |
| Corporate name or jurisdiction name as entry element | Kamerlingh Onnes Laboratory |
| 942 ## - ADDED ENTRY ELEMENTS (KOHA) | |
| Source of classification or shelving scheme | Universal Decimal Classification |
| Koha item type | Շարունակական պաշար / Continuing Resource |
| Withdrawn status | Lost status | Source of classification or shelving scheme | Damaged status | Not for loan | Collection | Home library | Current library | Date acquired | Serial enumeration / chronology | Total checkouts | Full call number | Barcode | Date last seen | Price effective from | Koha item type | Public note |
|---|---|---|---|---|---|---|---|---|---|---|---|---|---|---|---|---|
| Universal Decimal Classification | General | Fundamental Scientific Library | Fundamental Scientific Library | 20/11/2025 | 1906-1908, № 97-108, Suppl. № 15-19 | ПИ 2771/1906-1908, № 97-108, Suppl. № 15-19 | FL0696819 | 20/11/2025 | 05/12/2025 | Շարունակական պաշար / Continuing Resource | 30 Days Loan | |||||
| Universal Decimal Classification | General | Fundamental Scientific Library | Fundamental Scientific Library | 20/11/2025 | 1920-1926, № 157-168, Suppl. № 44-50 | ПИ 2771/1920-1926, № 157-168, Suppl. № 44-50 | FL0696820 | 20/11/2025 | 05/12/2025 | Շարունակական պաշար / Continuing Resource | 30 Days Loan |
ՀՀ Գիտությունների ազգային ակադեմիայի հիմնարար գիտական գրադարան = Fundamental Scientific Library of NAS RA
All site content, except where otherwise noted, is licensed under a